00673nam a2200229 a 4500001001300000003000900013005001700022008004100039020001000080082001600090100002400106245004200130260002600172300000900198500003500207650001600242700002400258902000800282942000700290952012900297999001700426nice12345678IN_TiNIC20260116013208.0070829s1989 dela grp 000 0 eng  ac17500a305.4bDHR1 aDhruvarajan, Vanaja aHindu Women and the Power of Ideology aDelhibSage Pubc1989 a168p aincludes index and biblioraphy aWomen-India1 aDhruvarajan, Vanaja bSRS cBK 001040708StackRoom-aHMIbHMId2007-08-29g175.00l1o305.4 DHR1p017828r2022-07-04s2022-06-28v175.00w2007-08-29yBK c10073d10073